000 00656mam a22002174a 4500
082 0 0 _a692.2
_bCRO
_cL-23, P-5
245 0 0 _aPiping handbook /
_c[edited by] Mohinder L. Nayyar.
250 _a9th ed.
260 _aNew York :
_bMcGraw-Hill,
_c1945.
300 _aP1375.
_bill. ;
_c24 cm.
490 1 _aMcGraw-Hill handbooks
505 0 _aPART A: PIPING FUNDAMENTALS: Introduction to piping / Moh22
526 _a0
_b0
_c0
_d692_200000000000000_CRO
650 0 _aPipe
_943676
650 0 _aPipe fitting
_945462
650 4 _aMCE
_9379
650 4 _aPipe
_943676
650 4 _aPipe fitting
_945462
700 1 _aNayyar, Mohinder L.
_945463
942 _2ddc
_cBK
999 _c548982
_d548982